Statistics for Greatest Player For Every NBA Team Ever

Click here to take the quiz!

General Stats

  • This quiz has been taken 991 times
  • The average score is 18 of 30

Answer Stats

TeamYear RetiredAnswer% Correct
WarriorscurrentStephen Curry
85%
CavilierscurrentLeBron James
84%
Bulls2003Michael Jordan
82%
GrizzliescurrentPau Gasol
82%
Lakers1996Magic Johnson
81%
Jazz2004Karl Malone
79%
HeatcurrentDwayne Wade
76%
Spurs2016Tim Duncan
76%
Bucks1989Kareem Abdul-Jabbar
75%
Celtics1969Bill Russel
71%
Suns2015Steve Nash
71%
Timberwolves2016Kevin Garnett
70%
Pistons1994Isiah Thomas
68%
ClipperscurrentChris Paul
65%
Hornets2001Larry Johnson
64%
Thunder/Super Sonics2007Gary Payton
62%
Magic2011Shaquillie O'neil
62%
Trail Blazers1998Clyde Drexler
60%
Hawks1999Dominique Wilkins
60%
Pelicans/HornetscurrentAnthony Davis
59%
Nuggets1992Alex English
58%
Nets2013Jason Kidd
51%
Knicks1980Walt Frazier
42%
MaverickscurrentDirk Nowitzki
40%
Pacers2005Reggie Miller
35%
Kings/Royals1974Oscar Robertson
33%
RaptorscurrentVince Carter
27%
Wizards1981Wes Unseld
20%
76ers1987Julius Irving
11%
Rockets2002Hakeen Olijawon
2%

Score Distribution

Percentile by Number Answered

Percent of People with Each Score

Your Score History

You have not taken this quiz